Gaming Quiz

Random Gaming or Board Games Quiz

Game by character backwards Quiz Stats

 Plays Quiz not verified by Sporcle

Challenge
Share
Tweet
Embed
Score 0/20 Timer 05:00
0 Plays Today
Name backwards Game % Correct
Mekun ekudDuke nukem
91.5%
KnilLegend of zelda
84.5%
Nam agemMega-man
70.4%
Ekans dilosMetal gear
67.6%
Nara sumasMetroid
66.2%
Kintobor rdSonic the hedgehog
64.8%
Il- nuhcStreet fighter 2
57.7%
Dleifder sirhcResident evil 5
56.3%
YknilbPac-man
50.7%
711-nhojHalo
47.9%
Name backwards Game % Correct
Drepehs rednammocMass effect
46.5%
YpsTeam fortress 2
45.1%
Hsivatcm paosCall of duty 4
45.1%
RemilsGhostbusters
42.3%
Tsew knarfDead rising
33.8%
Ecnav xylaHalf-life 2
32.4%
LlehcPortal
28.2%
God-eerhtFallout 3
26.8%
Driab nomadGears of war
23.9%
RegrahcLeft 4 dead 2
21.1%

You're not logged in!

Compare scores with friends on all Sporcle quizzes.
OR
Log In

You Might Also Like...

Show Comments

Extras

Top Quizzes Today


Score Distribution

Your Account Isn't Verified!

In order to create a playlist on Sporcle, you need to verify the email address you used during registration. Go to your Sporcle Settings to finish the process.

Report this User

Report this user for behavior that violates our Community Guidelines.

Details: